000 00689nam a2200229 4500
003 OSt
005 20240724061516.0
006 a
008 240724b |||||||| |||| 00| 0 eng d
020 _a9780814413807
040 _aDWCL-Main lib.
_cOC
082 _2Third edition
_aCirc. 658.2 C851f 2010
100 _aCotts, David G.
245 _aThe facility management handbook /
250 _aThird edition
260 _aN. Y. :
_bAMA COM,
_cc2010.
300 _axiv,
_b661 p. : ill. ;
_c26 cm.
504 _aIncludes bibliographical references & index.
650 _a1. Real state management.
650 _a2. Building management.
942 _2ddc
_n0
_cBK-CIRC
_eThird edition
_kCirc.
999 _c2660
_d2660